UNDERSTANDING ANAESTHESIA EQUIPMENT (Record no. 243)

MARC details
000 -LEADER
fixed length control field 00361nam a2200145Ia 4500
008 - FIXED-LENGTH DATA ELEMENTS--GENERAL INFORMATION
fixed length control field 150201s2009 xx 000 0 und d
082 ## - DEWEY DECIMAL CLASSIFICATION NUMBER
Classification number 617.96
Item number U09D
100 ## - MAIN ENTRY--PERSONAL NAME
Personal name DORSEH, JERRY
245 ## - TITLE STATEMENT
Title UNDERSTANDING ANAESTHESIA EQUIPMENT
250 ## - EDITION STATEMENT
Edition statement 5TH
260 ## - PUBLICATION, DISTRIBUTION, ETC. (IMPRINT)
Name of publisher, distributor, etc. WOLTERS KULWER
Place of publication, distribution, etc. DELHI
Date of publication, distribution, etc. 2009
300 ## - PHYSICAL DESCRIPTION
Extent 1-1036
650 ## - SUBJECT ADDED ENTRY--TOPICAL TERM
Topical term or geographic name as entry element ANAESTHESIOLOGY
942 ## - ADDED ENTRY ELEMENTS (KOHA)
Source of classification or shelving scheme Dewey Decimal Classification
Koha item type Books
Koha issues (borrowed), all copies 1
Holdings
Withdrawn status Lost status Source of classification or shelving scheme Damaged status Not for loan Collection code Home library Current library Shelving location Date acquired Source of acquisition Cost, normal purchase price SGTU Bill Number Total Checkouts Full call number Barcode Date last seen Bill Date Koha item type Date last checked out
    Dewey Decimal Classification     MEDICAL SGT Medical Library SGT Medical Library Text Book 12/02/2010 U.B.S. DELHI 1095.00 SGTU 950   617.96 U09D FM1177 09/02/2015 14/03/2011 Books  
    Dewey Decimal Classification     MEDICAL SGT Medical Library SGT Medical Library Text Book 12/02/2010 U.B.S. DELHI 1095.00 SGTU 950 1 617.96 U09D FM1178 20/07/2023 14/03/2011 Books 15/07/2023
    Dewey Decimal Classification     MEDICAL SGT Medical Library SGT Medical Library Text Book 12/02/2010 U.B.S. DELHI 1095.00 SGTU 950   617.96 U09D FM1179 09/02/2015 14/03/2011 Books